| 000 | 00000nam##2200000za#4500 |
| 001 | 9.688237 |
| 003 | CaOODSP |
| 005 | 20210624231331 |
| 007 | cr ||||||||||| |
| 008 | 150407|2006||||xxc|||||o f|0| 0 eng|d |
| 020 | |a0-662-43017-4 |
| 040 | |aCaOODSP|beng |
| 043 | |an-cn--- |
| 086 | 1 |aCH24-14/2006E-PDF |
| 110 | 1 |aCanada.|bCanadian Heritage. |bSport Canada. |
| 245 | 10|aPolicy on sport for persons with a disability |h[electronic resource] |
| 260 | |aOttawa - Ontario : |bCanadian Heritage. |c2006. |
| 300 | |a25p.|bfig., glossary, references |
| 500 | |aThe catalogue number (CH24-14/2006) and ISBN (0-662-49084-3) for the bilingual print edition have been incorrectly copied in this electronic publication. |
| 520 | 3 |aThis policy framework outlines how various partners and stakeholders in Canada’s sport and fitness community can reduce and ultimately eliminate sport-specific barriers preventing persons with a disability from participating in sport. The document contains a vision statement, objectives, and strategies, as well as an explanation of the environmental, structural, systemic, social, and personal barriers that keep disabled persons from being full participants in Canadian society. Includes a glossary. |
| 590 | |a07-06|b2007-02-09 |
| 690 | 07|aPersons with disabilities|2gcpds |
| 690 | 07|aSports|2gcpds |
| 775 | 08|tLa politique sur le sport pour les personnes ayant un handicap |w(CaOODSP)9.632669 |
| 776 | 0#|tPolicy on sport for persons with a disability |w(CaOODSP)9.667451 |
| 776 | 0#|tLa politique sur le sport pour les personnes ayant un handicap |w(CaOODSP)9.667452 |
| 856 | 40|ahttp://publications.gc.ca|qPDF|s293 KB|uhttps://publications.gc.ca/collections/Collection/CH24-14-2006E.pdf |